000
00305nam a22001337a 4500
008
171127b xxu||||| |||| 00| 0 eng d
020
_a
9780226075129
041
_a
eng
080
_a
030
100
_a
30
101
_a
EDU
245
_a
THE CHICAGO HANDBOOK FOR TEACHERS
_c
ALAN.B
942
_2
udc
_c
BK
999
_c
38553
_d
38553